Estado eficaz (Registro nro. 111)

Detalles MARC
000 -LEADER
fixed length control field 01560 a2200241 4500
001 - CONTROL NUMBER
control field 142
005 - DATE AND TIME OF LATEST TRANSACTION
control field 20260407155413.0
008 - FIXED-LENGTH DATA ELEMENTS--GENERAL INFORMATION
fixed length control field 260407a2006 arg spa d
003 - CONTROL NUMBER IDENTIFIER
control field AR-UNSa-BCEJYS
040 ## - CATALOGING SOURCE
Original cataloging agency AR-UNSa-BCEJYS
Language of cataloging spa
Transcribing agency AR-UNSa-BCEJYS
080 ## - UNIVERSAL DECIMAL CLASSIFICATION NUMBER
Universal Decimal Classification number 351.72
Common auxiliary subdivision Finanzas públicas. Legislación (Contabilidad Pública, Administración financiera...)
020 ## - INTERNATIONAL STANDARD BOOK NUMBER
International Standard Book Number 978-987-1140-41-1
041 ## - LANGUAGE CODE
Language code of text/sound track or separate title spa
100 1# - MAIN ENTRY--PERSONAL NAME
Personal name Las Heras, José María
245 10 - TITLE STATEMENT
Title Estado eficaz
250 ## - EDITION STATEMENT
Edition statement 2a. ed
264 #1 - PRODUCTION, PUBLICATION, DISTRIBUTION, MANUFACTURE, AND COPYRIGHT NOTICE
Place of production, publication, distribution, manufacture Buenos Aires :
Name of producer, publisher, distributor, manufacturer Osmar D. Buyatti
Date of production, publication, distribution, manufacture, or copyright notice 2006
300 ## - PHYSICAL DESCRIPTION
Extent 220 p.
Dimensions 23 cm.
505 ## - FORMATTED CONTENTS NOTE
Formatted contents note 1. Resultados en el sector público -- 2. Importancia de la medición de resultados -- 3. El enfoque sistématico de la función pública -- 4. Gestión de la información en el sector público -- 5. El sistema de información en el estado como base para la auditoría integral o de resultados -- 6. Los sistemas de información integrados de integrales en el sector público --7. Medición de resultados. Metodologías aplicables -- 8. Un modelo de control y auditoría basado en resultados -- 9. Elaboración de normas y unidades para medir resultados -- 10. Control y auditoría -- 11. El proceso de auditoría integral -- 12. Control y auditoría en la administración nacional. Marco legal normativo -- 13. Futuro del control y la auditoría en el sector público. Conclusiones finales
590 ## - LOCAL NOTE (RLIN)
Local note niveau_biblio:m niveau_hierar:0
856 41 - ELECTRONIC LOCATION AND ACCESS
Uniform Resource Identifier <a href="https://biblioeco.unsa.edu.ar/pmb/images/libros/estado_eficaz.jpg">https://biblioeco.unsa.edu.ar/pmb/images/libros/estado_eficaz.jpg</a>
Link text Imagen de portada
Electronic format type image/jpeg
942 ## - ADDED ENTRY ELEMENTS (KOHA)
Koha item type
Existencias
Withdrawn status Lost status Damaged status Not for loan Home library Current library Shelving location Date acquired Total checkouts Full call number Barcode Date last seen Price effective from Koha item type
        Biblioteca Prof. Eusebio Cleto del Rey Biblioteca Prof. Eusebio Cleto del Rey   07/04/2026   351.72 L337e 2ed. L116260 07/04/2026 07/04/2026 Libro
        Biblioteca Prof. Eusebio Cleto del Rey Biblioteca Prof. Eusebio Cleto del Rey   07/04/2026   351.72 L337e 2ed. L116259 07/04/2026 07/04/2026 Libro